000 01376cam a22002054a 4500
005 20250605164003.0
008 250528s ||||||||||||||||||||||||d
035 _a15719
020 _a333792947
040 _aGR-AtMCL
_bgre
_dGR-AtMCL
_eAACR2
245 1 _aMultinationals in Eastern Europe
250 _a1st
260 _bMacmillan Press Ltd,
_c2000
300 _a388
520 _aThis study identifies and analyses the extent to which the transition economies of Central Europe, Russia, Central Asia and the Caucasus are likely to attract inward foreign direct investment (FDI). Preface, Multinationals in Transition Economies, Multinationals in Eastern Europe: An Overview, Assessing the Costs and Benefits of Foreign Direct Investment: Some Theoretical Considerations, Multinationals in the Transition to a Market Economy, The Legacies for Russia of Soviet Foreign Investment Policy, Central and Baltic Europe, Hungary, The Czech Republic, Poland, Slovenia, The Baltic States, Russia and the Commonwealth of Independent States, Russia, The Russia Far East: The Role of Japan, Ukraine, Kazakhstan, The Transcaucasus Republics, East Asian Multinationals in Eastern Europe, Trends in East Asia Investment in the Transitional Economies, Bibliography, Index.
700 1 _aArtisien-Maksimenko Patrick
_91685
942 _cBK
999 _c1275
_d1275